000 00640nam a2200241Ia 4500
003 OSt
005 20220926023521.0
006 a|||||r|||| 00| 0
007 ta
008 220923b |||||||| |||| 00| 0 eng d
020 _a0137003285
037 _cGeneral Book
040 _aRTL
_cRTL
_beng
041 _2eng
_aeng
082 _aB25,1, L5
100 _aBradley Gerald L
_9329205
245 0 _aPrimer of linear algebra.
260 _aNJ
_bPrentice-Hall
_c1975
300 _axiv,382p.
_ccm.
500 _aBibliography P 349-50
942 _hB25,1, L5
_cGB
_2CC
999 _c641770
_d641770